Inside asia
Đã lưu trong:
| 主要作者: | |
|---|---|
| 格式: | 图书 |
| 语言: | Undetermined |
| 出版: |
London
H. Hamilton
1942
|
| 主题: | |
| 标签: |
添加标签
没有标签, 成为第一个标记此记录!
|
| Thư viện lưu trữ: | Trung tâm Học liệu Trường Đại học Cần Thơ |
|---|
| LEADER | 00470nam a2200181Ia 4500 | ||
|---|---|---|---|
| 001 | CTU_91154 | ||
| 008 | 210402s9999 xx 000 0 und d | ||
| 082 | |a 950 | ||
| 082 | |b G977 | ||
| 100 | |a Gunther, John | ||
| 245 | 0 | |a Inside asia | |
| 245 | 0 | |c John Gunther | |
| 260 | |a London | ||
| 260 | |b H. Hamilton | ||
| 260 | |c 1942 | ||
| 650 | |a Eastern question (far east),Eastern question | ||
| 904 | |i Bằng | ||
| 980 | |a Trung tâm Học liệu Trường Đại học Cần Thơ | ||